| 000 | 00984cam a22003017a 4500 | ||
|---|---|---|---|
| 003 | CHAP | ||
| 005 | 20260227114927.0 | ||
| 008 | 971013s1970 r 00010 d | ||
| 010 | _a72810 | ||
| 011 | _a73782 | ||
| 035 | _a83340 | ||
| 040 | _cCHAP | ||
| 082 |
_a332.71 _bA53 |
||
| 100 | 1 | 0 |
_aAlanís Patiño, Emilio _93335 |
| 245 | 1 | 3 | _aEl crédito agrícola |
| 260 |
_aMéxico, D.F. : _b(s.e.), _c1970 |
||
| 300 | _a26 p. | ||
| 590 |
_aBATCH-UPD _b10 _c20130110 _lUCH01 _h1845 |
||
| 590 |
_aBATCH-UPD _b10 _c20130410 _lUCH01 _h1215 |
||
| 590 |
_aBATCH-UPD _b10 _c20130914 _lUCH01 _h1102 |
||
| 590 |
_aCONVERSION _b10 _c20130109 _lUCH01 _h1340 |
||
| 650 | 1 | 4 |
_aCrédito agrícola _zMéxico. _929089 |
| 901 | _aBK | ||
| 942 | _cLIBRO | ||
| 949 |
_a332.71 A53 _bBC _cLIBRO _d33724000327334 _eLIBRO _h43245 _i83340 _mD. _si |
||
| 949 |
_a332.71 A53 _bBC _cLIBRO _d33724000329819 _eLIBRO _fc.2 _h44380 _i83340 _mD. _si |
||
| 949 |
_a332.71 A53 _bBC _cLIBRO _d33724000335337 _eLIBRO _fc.3 _h67593 _i83340 _mD. _si |
||
| 999 |
_c72810 _d72810 |
||